000 00780cam a2200289 4500
001 J4019
008 090401t1996 xxu||||| |||| 00| 0 eng d
020 _a1856091201
035 _a(Sirsi) u57962
041 _aeng
050 _a658.99
100 _aBoothroyd, Catherine
245 _aRisk management : a practical guide for construction professionals.
260 _aLondon
_bWitherby Publishing
_c1996
300 _axii,51p. ; 30cm.
350 _a25
650 _aCONSTRUCTION INDUSTRY
650 _aCONSTRUCTION PROFESSIONALS
650 _aRISK MANAGEMENT
690 _aBUILT ENVIRONMENT
700 _aEmmett, Jeremy
700 _aAtkin, Brian
_xEditor
710 _aBovis
_9716
710 _aGardiner and Theobald
_9719
942 _n0
948 _c04/03/1997
999 _c94000
_d94000